00294 a2200097 4500001001000000005001700010008004100027245004900068100002100117773005800138ART_1132520260410161856.0260409a 10a¿Puede funcionar una economía controlada?1 aFriedman, Milton0 tRevista de Economíag- Nº 34 (sep. 1982)wREV11077